• 首页
  • 本馆介绍
  • 公告通知
  • 最新文献
  • 馆藏检索
  • 电子资源
  • 读者导购
  • 参考咨询
  • 我的图书馆
  • 登录
  • 详细信息显示
  • 放入我的书架
  • 预约/预借图书
  • 作者相关作品
  • 分类相关作品
  • 丛书相关作品
  • 出版社相关作品

书目信息

  • 表格格式
  • 工作单格式
  • 卡片格式
题名:
天然高分子絮疑剂
    
 
作者: 肖锦 , 周勤 编
分册:  
出版信息: 北京   化学工业出版社  2005
页数:
开本: 20cm
丛书名:
单 册:
中图分类: TQ047.1
科图分类:
主题词: 化学工业--原料 , 化学工业--辅助材料
电子资源:
ISBN: 7-5025-7589-8
000 00591nam0 2200205 450
001 0754114953
005 20070929150154.95
010    @a7-5025-7589-8
100    @a20070929d km y0chiy0120 ea
101 0  @achi
200 1  @a天然高分子絮疑剂@Atian ran gao fen zi xu yi ji@f肖锦,周勤 编@Fxiao jin,zhou qin bian
210    @a北京@c化学工业出版社@d2005
215    @c插图@d20cm
606 0  @a化学工业@x原料
606 0  @a化学工业@x辅助材料
690    @aTQ047.1@v3
701  0 @a肖锦@Axiao jin@4编
701  0 @a周勤@Azhou qin@4编
801  0 @aCN@bPFT@c20070929
905    @a213230@dTQ047.1@eh145@f1
    
    天然高分子絮疑剂/肖锦,周勤 编.-北京:化学工业出版社,2005
    插图;20cm
    
    
    ISBN 7-5025-7589-8:
    
●
相关链接 在E读中查询图书 在五车中查询图书 在当当中查询图书 在豆瓣中查询图书


正题名:天然高分子絮疑剂     索取号:TQ047.1/h145         预约/预借

序号 登录号 条形码 馆藏地/架位号 状态 备注
1 6002195   260021951   密集书库-化学系/ [索取号:TQ047.1/h145] 在馆    
唐山师范学院图书馆 欢迎您!
大连网信软件有限公司© 版权所有